| 000 | 00803nam a2200205 a 4500 | ||
|---|---|---|---|
| 001 | BRCA_8217 | ||
| 005 | 20190320210200.0 | ||
| 008 | 190514s1913----mx-d###f##---#000-0#spa-# | ||
| 041 | _aspa | ||
| 044 | _amx | ||
| 050 | 4 |
_aHJ15 _b.S4 1913 |
|
| 245 | 1 | 0 |
_aNota con que se remite a la Cámara de Diputados del Congreso de la Unión la Cuenta de la Hacienda Pública Federal _bcorrespondiente al año económico 1912-1913 _cSecretaría de Estado y del despacho de Hacienda y Crédito Público Sección 3ª. |
| 260 |
_aMéxico _bPalacio Nacional _c1913 |
||
| 300 |
_a122 p. _bil., tablas _c30 cm. |
||
| 500 | _aU124 | ||
| 650 | 1 | 4 |
_aFinanzas públicas _zMéxico _920485 |
| 710 | 2 |
_aSecretaría de Estado y del despacho de Hacienda y Crédito Público _bSección 3ª _920486 |
|
| 902 | _aGFM | ||
| 942 |
_2lcc _cB |
||
| 999 |
_c7885 _d7885 |
||